000
00388nam a22001577a 4500
003
MPLRDC
005
20220104125333.0
008
210129b ||||| |||| 00| 0 eng d
082
_a
857.9 YZYa v.1
100
_a
云中扬
245
_a
沥血江湖. 上
_c
260
_a
_b
文天出版股份有限公司
_c
1985
300
_b
平
650
_a
武侠小说
942
_c
BK
_o
857.9 YZYa v.1
999
_c
26560
_d
26550